Normal view
MARC view
- Zahid, Sadiq
Entry Personal Name
001 - CONTROL NUMBER
- control field: 16901
003 - CONTROL NUMBER IDENTIFIER
- control field: NUST
005 - DATE AND TIME OF LATEST TRANSACTION
- control field: 20190706071032.0
008 - FIXED-LENGTH DATA ELEMENTS
- fixed length control field: 190706|| aca||aabn | a|a d
040 ## - CATALOGING SOURCE
- Original cataloging agency: NUST
- Transcribing agency: NUST
100 ## - HEADING--PERSONAL NAME
- Personal name: Zahid, Sadiq
670 ## - SOURCE DATA FOUND
- Source citation: Work cat.: (NUST): Zahid, Sadiq, Ahad-e-Mughalia mein Tasoof ki Tarikain aur Pakistani Zubano ki shari per un k Asraat /, 1999.
